UBT Library

THEORY AND APPLICATIONS OF QUANTUM MECHANICS (Record no. 60177)

000 -LEADER
fixed length control field 00334nam a22001457a 4500
008 - FIXED-LENGTH DATA ELEMENTS--GENERAL INFORMATION
fixed length control field 230719b ||||| |||| 00| 0 eng d
020 ## - INTERNATIONAL STANDARD BOOK NUMBER
International Standard Book Number 9780471060534
041 ## - LANGUAGE CODE
Language code of text/sound track or separate title eng
080 ## - UNIVERSAL DECIMAL CLASSIFICATION NUMBER
Universal Decimal Classification number 621
082 ## - DEWEY DECIMAL CLASSIFICATION NUMBER
Classification number 621YAR
100 ## - Rafti
Rafti 20
101 ## - Shkurtesa
Shkurtesa MEK
245 ## - TITLE STATEMENT
Title THEORY AND APPLICATIONS OF QUANTUM MECHANICS
Statement of responsibility, etc YARIV A
942 ## - ADDED ENTRY ELEMENTS (KOHA)
Source of classification or shelving scheme
Item type Books
Holdings
Withdrawn status Lost status Source of classification or shelving scheme Damaged status Not for loan Collection code Permanent location Current location Date acquired Total Checkouts Full call number Barcode Date last seen Price effective from Koha item type
          Koleksioni i përgjithshem UBT - Lipjan UBT - Lipjan 07/19/2023   621YAR 002-800080885 07/19/2023 07/19/2023 Books
UBT Library © 2015-2024. All rights reserved University Education for Business and Technology